Mario Kart Lightning Cup Tracks - Statistics

General Stats
  • This quiz has been taken 115 times
    49 since last reset
  • The average score is 15 of 23
Answer Stats
Game Debut Game Track % Correct
3DS SNES Rainbow Road
94%
WiiU N64 Rainbow Road
94%
Wii SNES Mario Circuit 3
91%
Wii N64 Bowser’s Castle
89%
WiiU Wii Grumble Volcano
80%
Wii GCN DK Mountain
77%
WiiU DS Tick Tock Clock
77%
Wii DS Peach Gardens
71%
WiiU 3DS Piranha Plant Slide
71%
GBA | DS GBA Sky Garden
69%
DS GBA Sky Garden
69%
GBA | DS SNES Choco Island 2
63%
3DS GCN Dino Dino Jungle
63%
3DS DS Airship Fortress
60%
3DS Wii Koopa Cape
60%
GBA GBA Luigi Circuit
57%
DS N64 Banshee Boardwalk
51%
GBA SNES Bowser Castle 2
49%
GBA GBA Sunset Wilds
49%
GBA SNES Mario Circuit 3
46%
DS GCN Yoshi Circuit
46%
GBA GBA Cheep-Cheep Island
43%
GBA SNES Koopa Beach 1
43%
No matching quizzes found
Score Distribution
Percent of People with Each Score
Percentile by Number Answered
Your Score History
You have not taken this quiz since the last reset